Statistics for Norwegian football cup champions

Click here to take the quiz!

General Stats

  • This quiz has been taken 27 times
  • The average score is 16 of 31

Answer Stats

#Team% Correct
12Rosenborg
96%
11Bodø/Glimt
91%
7Brann
91%
4Vålerenga
91%
5Tromsø
87%
6Molde
83%
6Viking
83%
11Fredrikstad
78%
6Lillestrøm
74%
8Lyn
74%
2Aalesund
70%
12Odd
70%
5Strømsgodset
65%
1Moss
57%
6Sarpsborg
57%
8Skeid
57%
1Stabæk
52%
1Hødd
43%
3Mjøndalen
43%
1Bryne
39%
9Mjølner
26%
4Narvik/Nor
26%
9Harstad
22%
1Kvik
22%
3Frigg
17%
1Gjøvik/Lyn
17%
1Grane
17%
2Mercantile
17%
4Ørn
17%
1Sparta
17%
1Fløya
9%

Score Distribution

Percentile by Number Answered

Percent of People with Each Score

Your Score History

You have not taken this quiz